000 00795nam a2200241Ia 4500
003 OSt
005 20220925235736.0
006 a|||||r|||| 00| 0
007 ta
008 220923b |||||||| |||| 00| 0 eng d
037 _cGeneral Book
040 _aRTL
_cRTL
_beng
041 _2eng
_aeng
082 _aX9(M7):545.2.N7, L0
110 _aEconomic and Scientific Research Foundation (New Delhi)
245 0 _aExporting mills
_b A review of the investment techno
260 _a New Delhi
_bEconomic and Scientific Research Foundation India
_c1970
300 _avi, 112p.
_ccm.
650 _aTextile Industry
_9185820
700 _aEconomic and Scientific Research Foundation (New Delhi)
942 _hX9(M7):545.2.N7, L0
_cGB
_2CC
999 _c597850
_d597850